[Event "Santa Cruz de Tenerife op"]
[Site "Santa Cruz de Tenerife"]
[Date "2016.08.23"]
[Round "7"]
[White "Gonzalez Diaz, Eusebio"]
[Black "Rodriguez Rodriguez, Jose Joaquin"]
[Result "0-1"]
[WhiteElo "1280"]
[BlackElo "1206"]
[PlyCount "94"]
[EventDate "2016.08.08"]
[EventType "swiss"]
[EventRounds "9"]
[EventCountry "ESP"]
[SourceTitle "CBM 174 Extra"]
[Source "ChessBase"]
[SourceDate "2016.10.10"]
[SourceVersion "1"]
[SourceVersionDate "2016.10.10"]
[SourceQuality "1"]

1. e4 e5 2. f4 d5 3. exd5 e4 4. Nc3 Nf6 5. Bc4 Bd6 6. Nge2 0-0 7. d4 a6 8. a3 Nh5 9. Be3 b5 10. Ba2 Qe7 11. 0-0 b4 12. Nb1 bxa3 13. b3 Bg4 14. c4 Nf6 15. Qc2 c5 16. Nec3 Bh5 17. h3 Bg6 18. h4 Bh5 19. Nd2 Ng4 20. Nd1 Qxh4 21. Rf3 Qh2+ 22. Kf1 Qh1+ 23. Bg1 exf3 24. Nxf3 Ne3+ 25. Nxe3 Bxf3 26. gxf3 Qxf3+ 27. Bf2 Bxf4 28. Re1 Re8 29. Bb1 g6 30. Qd3 Rxe3 31. Rxe3 Bxe3 32. Qxe3 Qxe3 33. Bxe3 Nd7 34. dxc5 Rb8 35. Ba2 Ne5 36. Bc1 h5 37. Bxa3 Nd3 38. Ke2 Nf4+ 39. Ke3 g5 40. c6 Re8+ 41. Kd4 h4 42. Bd6 h3 43. c7 h2 44. Be7 h1Q 45. d6 Ne6+ 46. Kc3 Nxc7 47. Kb4 Qe1+ 0-1

[Event "Santa Cruz de Tenerife op"]
[Site "Santa Cruz de Tenerife"]
[Date "2016.08.08"]
[Round "1"]
[White "Perez Perez, Gabriel"]
[Black "Rodriguez Rodriguez, Jose Joaquin"]
[Result "1-0"]
[WhiteElo "1862"]
[BlackElo "1206"]
[PlyCount "48"]
[EventDate "2016.08.08"]
[EventType "swiss"]
[EventRounds "9"]
[EventCountry "ESP"]
[SourceTitle "CBM 174 Extra"]
[Source "ChessBase"]
[SourceDate "2016.10.10"]
[SourceVersion "1"]
[SourceVersionDate "2016.10.10"]
[SourceQuality "1"]

1. e4 g6 2. d4 Bg7 3. f4 Nc6 4. d5 Nb8 5. Nf3 d6 6. Bd3 Bg4 7. 0-0 e5 8. fxe5 Bxe5 9. h3 Bxf3 10. Qxf3 Qf6 11. Qg4 Qd8 12. Nd2 Nf6 13. Qh4 0-0 14. Nc4 Bd4+ 15. Kh1 Nh5 16. Bg5 f6 17. Bh6 g5 18. Qxh5 Rf7 19. Bxg5 Nd7 20. c3 Be5 21. Ne3 Qf8 22. Ng4 fxg5 23. Rxf7 Qxf7 24. Nh6+ Kg7 1-0

[Event "Tenerife-ch"]
[Site "Santa Cruz de Tenerife"]
[Date "2016.04.15"]
[Round "7.14"]
[White "Gonzalez Diaz, Eusebio"]
[Black "Rodriguez Rodriguez, Jose Joaquin"]
[Result "1-0"]
[WhiteElo "1299"]
[BlackElo "1257"]
[PlyCount "57"]
[EventDate "2016.04.01"]
[EventType "swiss"]
[EventRounds "9"]
[EventCountry "ESP"]
[SourceTitle "EXT 2024"]
[Source "ChessBase"]
[SourceDate "2023.10.10"]
[SourceVersion "1"]
[SourceVersionDate "2023.10.10"]
[SourceQuality "1"]

1. e4 e5 2. Nf3 Nc6 3. Bc4 h6 4. 0-0 Nf6 5. Re1 Bc5 6. b4 Bxb4 7. c3 Bc5 8. d4 exd4 9. cxd4 Bb4 10. Bd2 Bxd2 11. Nbxd2 0-0 12. e5 Ne8 13. a3 a6 14. d5 Na5 15. Ba2 d6 16. e6 Qe7 17. Nd4 g6 18. f4 f5 19. Qf3 c5 20. dxc6 bxc6 21. Nxc6 Nxc6 22. Qxc6 Bb7 23. Qd7 Qxd7 24. exd7+ Kg7 25. Re7+ Kf6 26. Rae1 Ng7 27. d8Q Raxd8 28. Rxb7 Rfe8 29. Rf7# 1-0

[Event "Santa Cruz de Tenerife op 26th"]
[Site "Santa Cruz de Tenerife"]
[Date "2015.12.23"]
[Round "7"]
[White "Gonzalez Diaz, Eusebio"]
[Black "Rodriguez Rodriguez, Jose Joaquin"]
[Result "1-0"]
[WhiteElo "1316"]
[BlackElo "1214"]
[PlyCount "45"]
[EventDate "2015.12.15"]
[EventType "swiss"]
[EventRounds "9"]
[EventCountry "ESP"]
[SourceTitle "CBM 170 Extra"]
[Source "ChessBase"]
[SourceDate "2016.02.25"]
[SourceVersion "1"]
[SourceVersionDate "2016.02.25"]
[SourceQuality "1"]

1. e4 e5 2. Bc4 Bc5 3. Nf3 f6 4. Nc3 Nh6 5. d4 exd4 6. Ne2 Nc6 7. Nexd4 Qe7 8. Qd3 d6 9. Be3 Ng4 10. Nxc6 bxc6 11. Bxc5 dxc5 12. 0-0 Qd6 13. Qb3 Nh6 14. e5 fxe5 15. Rad1 Qf6 16. Rfe1 Kf8 17. Nxe5 Ng4 18. Qg3 Nxe5 19. Rxe5 Bf5 20. Rxf5 Qxf5 21. Qxc7 Rc8 22. Rd8+ Rxd8 23. Qxd8# 1-0

[Event "Santa Cruz de Tenerife op 26th"]
[Site "Santa Cruz de Tenerife"]
[Date "2015.12.22"]
[Round "6"]
[White "Rodriguez Rodriguez, Jose Joaquin"]
[Black "Bernardez Gonzalez, Roberto"]
[Result "0-1"]
[WhiteElo "1214"]
[BlackElo "1540"]
[PlyCount "82"]
[EventDate "2015.12.15"]
[EventType "swiss"]
[EventRounds "9"]
[EventCountry "ESP"]
[SourceTitle "CBM 170 Extra"]
[Source "ChessBase"]
[SourceDate "2016.02.25"]
[SourceVersion "1"]
[SourceVersionDate "2016.02.25"]
[SourceQuality "1"]

1. e4 c5 2. Nf3 e6 3. d4 cxd4 4. Nxd4 a6 5. Nc3 Qc7 6. Be3 Bb4 7. Bd2 Nf6 8. Bd3 Nc6 9. Nf3 0-0 10. a3 Be7 11. Ne2 d6 12. 0-0 Nd7 13. b4 Nde5 14. Nxe5 Nxe5 15. Nf4 b5 16. Rc1 Bb7 17. Qe2 Rac8 18. f3 Nc4 19. Bxc4 Qxc4 20. Qxc4 Rxc4 21. c3 Rfc8 22. Rfe1 Bf6 23. Re3 Bg5 24. Rd3 d5 25. exd5 Bxf4 26. d6 Bxd2 27. Rxd2 Rd8 28. a4 bxa4 29. Rd3 Bd5 30. Ra1 Rxd6 31. Rxa4 Kf8 32. Ra3 Ke7 33. Re3 Rcc6 34. f4 Bc4 35. Ra1 Rd2 36. Ree1 Bd5 37. g3 Rxc3 38. Kf1 Rcc2 39. Rxe6+ fxe6 40. Ke1 Rxh2 41. Kd1 Rcg2 0-1

[Event "Tenerife Autumn op"]
[Site "Tenerife"]
[Date "2015.10.21"]
[Round "5"]
[White "Rodriguez Rodriguez, Jose Joaquin"]
[Black "Diaz Reyes, Franklin"]
[Result "1-0"]
[WhiteElo "1224"]
[BlackElo "1289"]
[PlyCount "91"]
[EventDate "2015.10.14"]
[EventType "swiss"]
[EventRounds "9"]
[EventCountry "ESP"]
[SourceTitle "CBM 169 Extra"]
[Source "ChessBase"]
[SourceDate "2015.12.18"]
[SourceVersion "1"]
[SourceVersionDate "2015.12.18"]
[SourceQuality "1"]

1. e4 d5 2. exd5 Qxd5 3. Nc3 Qa5 4. d4 Nf6 5. Bc4 c6 6. Bd2 Qc7 7. Nf3 Bg4 8. h3 Bh5 9. g4 Bg6 10. Ne5 Nbd7 11. f4 Nxe5 12. dxe5 Nd7 13. f5 Qxe5+ 14. Qe2 Bxf5 15. gxf5 Qxf5 16. 0-0-0 Nf6 17. Rdf1 Qd7 18. Bg5 Nd5 19. Nxd5 b5 20. Nxe7 Bxe7 21. Bxf7+ Kd8 22. Rd1 Bxg5+ 23. Kb1 Bf6 24. Rxd7+ Kxd7 25. Qe6+ Kc7 26. Rd1 Rad8 27. Rxd8 Rxd8 28. a3 Rd6 29. Qe3 Rd7 30. Qxa7+ Kd6 31. Qb8+ Ke7 32. Qe8+ Kd6 33. Qe6+ Kc7 34. Be8 Re7 35. Qxc6+ Kd8 36. Qa8+ Kc7 37. Bxb5 Kb6 38. Bd3 Rb7 39. Be4 Re7 40. Bxh7 Rb7 41. a4 Kc7 42. Be4 Rxb2+ 43. Kc1 Ra2 44. Qc6+ Kd8 45. Qd5+ Ke8 46. Qxa2 1-0

[Event "Tenerife-chT Segunda"]
[Site "Tenerife"]
[Date "2015.05.23"]
[Round "13.3"]
[White "Rodriguez Rodriguez, Jose Joaquin"]
[Black "Hernandez Perez, Javier"]
[Result "0-1"]
[WhiteElo "1218"]
[BlackElo "1482"]
[PlyCount "96"]
[EventDate "2015.01.24"]
[EventType "swiss"]
[EventRounds "13"]
[EventCountry "ESP"]
[SourceTitle "EXT 2024"]
[Source "ChessBase"]
[SourceDate "2023.10.10"]
[SourceVersion "1"]
[SourceVersionDate "2023.10.10"]
[SourceQuality "1"]
[WhiteTeam "El Sauzal Libreria Barco III"]
[BlackTeam "Benito"]
[WhiteTeamCountry "ESP"]
[BlackTeamCountry "ESP"]

1. e4 e6 2. Nf3 b6 3. Nc3 Bb7 4. d3 d5 5. exd5 exd5 6. d4 Nf6 7. Bd3 Be7 8. 0-0 0-0 9. Bf4 Nh5 10. Be3 Nf6 11. Ng5 h6 12. Nf3 Na6 13. a3 c5 14. Qe2 c4 15. Bf5 Bc8 16. Bxc8 Rxc8 17. Nb5 Qd7 18. a4 Ng4 19. Ne5 Nxe5 20. dxe5 Nb4 21. c3 Nd3 22. b3 Rfe8 23. Bd4 a6 24. Na3 Bxa3 25. Rxa3 Qe7 26. b4 a5 27. Rb1 Rc6 28. Qe3 axb4 29. cxb4 Nxb4 30. Bxb6 Nc2 31. Qc3 Nxa3 32. Rb2 Rb8 33. a5 Re6 34. Bd4 Rxb2 35. Qxb2 Kh7 36. g3 f6 37. f4 fxe5 38. fxe5 Rc6 39. Kg2 c3 40. Bxc3 Nc4 41. Qc2+ g6 42. Qd3 Qe6 43. h3 Nxe5 44. Qb5 Rxc3 45. Qb7+ Qf7 46. Qb2 Qf3+ 47. Kg1 Qxg3+ 48. Kf1 Rf3+ 0-1

[Event "Tenerife Seniors-ch"]
[Site "Tenerife"]
[Date "2015.02.04"]
[Round "4"]
[White "Rodriguez Rodriguez, Jose Joaquin"]
[Black "Rodriguez Perez, Mauro"]
[Result "0-1"]
[WhiteElo "1218"]
[BlackElo "1938"]
[PlyCount "92"]
[EventDate "2015.01.26"]
[EventType "swiss"]
[EventRounds "7"]
[EventCountry "ESP"]
[SourceTitle "CBM 164 Extra"]
[Source "ChessBase"]
[SourceDate "2015.03.02"]
[SourceVersion "1"]
[SourceVersionDate "2015.03.02"]
[SourceQuality "1"]

1. e4 e6 2. d4 d5 3. Nc3 Bb4 4. e5 c5 5. a3 Bxc3+ 6. bxc3 Qc7 7. Bd2 b6 8. Nf3 Ba6 9. Bxa6 Nxa6 10. 0-0 Rc8 11. Qe2 Nb8 12. Rfc1 Ne7 13. Qd3 Nbc6 14. Be3 cxd4 15. cxd4 Na5 16. Bd2 Nc4 17. Bc3 Nxe5 18. dxe5 Qxc3 19. Qxc3 Rxc3 20. Nd4 Nc6 21. Nb5 Rc4 22. Nd6+ Ke7 23. Nxc4 dxc4 24. c3 Nxe5 25. Rd1 Rd8 26. Rxd8 Kxd8 27. Rd1+ Nd3 28. Kf1 Kc7 29. Rd2 Kc6 30. Ke2 Kb5 31. Ke3 Ka4 32. Kd4 b5 33. Re2 Kxa3 34. g3 a5 35. f4 a4 36. h4 Kb3 37. f5 e5+ 38. Rxe5 Nxe5 39. Kxe5 a3 40. Kd6 a2 41. Ke7 a1Q 42. Kxf7 Qxc3 43. g4 Qf6+ 44. Kg8 Qxh4 45. Kxg7 Qxg4+ 46. Kf6 Qxf5+ 0-1

[Event "Tenerife Promocion 6th"]
[Site "Tenerife"]
[Date "2014.04.30"]
[Round "9.1"]
[White "Rodriguez Rodriguez, Jose Joaquin"]
[Black "Pena Aragon, Sergio"]
[Result "0-1"]
[WhiteElo "1200"]
[BlackElo "1431"]
[PlyCount "58"]
[EventDate "2014.03.31"]
[EventType "tourn"]
[EventRounds "9"]
[EventCountry "ESP"]
[SourceTitle "EXT 2024"]
[Source "ChessBase"]
[SourceDate "2023.10.10"]
[SourceVersion "1"]
[SourceVersionDate "2023.10.10"]
[SourceQuality "1"]

1. e4 c5 2. g3 e6 3. Bg2 Nc6 4. Nf3 Nf6 5. d3 d5 6. e5 Nd7 7. Bf4 Be7 8. d4 cxd4 9. Nxd4 Ncxe5 10. Nd2 0-0 11. 0-0 Nc6 12. Re1 Nxd4 13. Be5 Nxe5 14. Rxe5 Qc7 15. Rh5 Qxc2 16. Qxc2 Nxc2 17. Rc1 Nd4 18. Bf1 Bf6 19. Re1 g6 20. Rh6 Bg5 21. Rh3 e5 22. g4 Bxd2 23. Rxe5 Bxg4 24. Rd3 Nf3+ 25. Rxf3 Bxf3 26. Be2 Bf4 27. Re7 Bxe2 28. Rxe2 Rfe8 29. Rd2 Bxd2 0-1

[Event "Tenerife-ch Seniors"]
[Site "Laguna-Cotelec"]
[Date "2014.03.06"]
[Round "4.4"]
[White "Rodriguez Rodriguez, Jose Joaquin"]
[Black "Febles Dominguez, Alfonso Jesus"]
[Result "0-1"]
[WhiteElo "1128"]
[BlackElo "1428"]
[PlyCount "99"]
[EventDate "2014.02.21"]
[EventType "swiss"]
[EventRounds "9"]
[EventCountry "ESP"]
[SourceTitle "EXT 2024"]
[Source "ChessBase"]
[SourceDate "2023.10.10"]
[SourceVersion "1"]
[SourceVersionDate "2023.10.10"]
[SourceQuality "1"]

1. d4 Nf6 2. c4 e6 3. Nc3 g6 4. e4 Bg7 5. h3 0-0 6. Nf3 d5 7. e5 Ne4 8. Nxe4 dxe4 9. Ng5 f6 10. Nxe4 fxe5 11. Bg5 Qxd4 12. Qxd4 exd4 13. 0-0-0 e5 14. c5 Nc6 15. Bc4+ Kh8 16. Nd2 Rxf2 17. Rhg1 Rf5 18. h4 h6 19. g4 Rf8 20. Bxh6 Bxh6 21. g5 Bg7 22. Bd3 Bf5 23. Bxf5 Rxf5 24. Rdf1 Rxf1+ 25. Rxf1 Rf8 26. Rh1 Rf4 27. h5 gxh5 28. Rxh5+ Kg8 29. a3 e4 30. Rh2 d3 31. Rh3 Rg4 32. Rh1 e3 33. Nf3 Rc4+ 34. Kb1 Rc2 35. b4 Rb2+ 36. Kc1 Ra2 37. Nd2 exd2+ 38. Kd1 Ra1+ 39. Kxd2 Rxh1 40. Kxd3 Re1 41. Kc4 Re3 42. a4 a6 43. b5 axb5+ 44. axb5 Ne7 45. b6 Re4+ 46. Kd3 Rd4+ 47. Ke3 cxb6 48. cxb6 Nd5+ 49. Kf3 Nxb6 50. g6 0-1

[Event "Tenerife-ch Seniors"]
[Site "Laguna-Cotelec"]
[Date "2014.03.01"]
[Round "2.4"]
[White "Celis Ramirez M, Del Rosario"]
[Black "Rodriguez Rodriguez, Jose Joaquin"]
[Result "0-1"]
[WhiteElo "1324"]
[BlackElo "1128"]
[PlyCount "76"]
[EventDate "2014.02.21"]
[EventType "swiss"]
[EventRounds "9"]
[EventCountry "ESP"]
[SourceTitle "EXT 2024"]
[Source "ChessBase"]
[SourceDate "2023.10.10"]
[SourceVersion "1"]
[SourceVersionDate "2023.10.10"]
[SourceQuality "1"]

1. e4 e5 2. d3 Bc5 3. Nf3 Nc6 4. g3 f6 5. Bg2 b6 6. Nc3 Bb7 7. Na4 d6 8. Nxc5 dxc5 9. 0-0 Qe7 10. b3 0-0-0 11. Bb2 Kb8 12. Qc1 Nd4 13. Qd2 Bxe4 14. Bxd4 Bxf3 15. Bxf3 cxd4 16. Qe2 Qd6 17. Qe4 c6 18. a4 Ne7 19. Rab1 Rc8 20. b4 Qd5 21. a5 Qxe4 22. Bxe4 b5 23. c4 dxc3 24. Rfc1 Nd5 25. Bxd5 cxd5 26. Rc2 d4 27. Kg2 h5 28. h4 Rce8 29. Re1 Re6 30. Ree2 Rhe8 31. f3 g5 32. Kh3 g4+ 33. fxg4 hxg4+ 34. Kxg4 e4 35. Rxe4 Rxe4+ 36. dxe4 Rxe4+ 37. Kf3 Re3+ 38. Kf2 f5 0-1